000 00307nam a2200133Ia 4500
008 150201s2008 xx 000 0 und d
082 _a616.79
_bE08R
100 _aRASTOGI,SC
245 _aELEMENTS IMMUNOLOGY
250 _a1ST
260 _bCBS
_aDELHI
_c2008
650 _aMICROBIOLOGY
942 _2ddc
_cBK
_09
999 _c1135
_d1135